000 00890nam a2200277 i 4500
003 DO-SdBNP
005 20260428083316.0
007 ta
008 111004s2007 000 spa d
020 _a9789945420555
040 _aDO-SdBNP
_bspa
_cBNPHU
_erda
041 1 7 _aspa
_hpor
082 4 _axxx
_bxxx
_222
100 1 _aGrando, Cristiane,
_d1974-
_eautor
_4aut.
_924064
245 0 _aTitã /
_cCristiane Grando ; traducción, Angel Ortega
264 4 _aSanto Domingo :
_bEdiciones Ángeles de Fierro,
_c©2007.
300 _a108 páginas ;
_c22 cm.
336 _atexto
_btxt
_2rdacontent
337 _asin mediación
_bn
_2rdamedia
338 _avolumen
_bnc
_2rdacarrier
500 _aIncluye datos biográficos del autor en la solapa de la cubierta
590 _aInventariado, 2026/BT
700 1 _aOrtega, Angel,
_etraductor
_4tr.
_924066
910 _aBtavárez
942 _2ddc
_cLBS1
999 _c33938
_d33938